| 000 | 01657nam0a22003131 4500 | ||
|---|---|---|---|
| 001 | rc\4806303 | ||
| 005 | 20260406131210.0 | ||
| 021 |
_aRU _b[62-44934] |
||
| 035 | _a(NLR Aleph) 008794263 | ||
| 090 |
_a8061124 _c8061124 |
||
| 100 | _a20130426d1962 |||y0rusy50 ca | ||
| 101 | 1 |
_arus _ceng |
|
| 102 | _aRU | ||
| 105 | _aa z |||a| | ||
| 200 | 1 |
_aИсполинское радио _eРассказы _fПер. с англ. Т. Литвиновой _gРед. и предисл. К. Чуковского |
|
| 210 |
_aМосква _cИзд-во иностр. лит. _d1962 |
||
| 215 |
_a190 с. _cил. _d20 |
||
| 300 | _aДоп. тит. л.: John Cheever. The enormous radio. New York | ||
| 327 | 1 | _aСодерж.: Клад; Брак; Город разбитых надежд; Управляющий; Жестокий романс; Рождество; Дети; Приключение на Саттон-плейс; Исполинское радио | |
| 464 | 0 |
_12001#$aКлад$aБрак$aГород разбитых надежд$aУправляющий$aЖестокий романс$aРождество$aДети$aПриключение на Саттон-плейс$aИсполинское радио _tИсполинское радио |
|
| 513 | 0 | _aThe enormous radio | |
| 700 | 1 |
_8rus _7ca _aЧивер _bД. _f1912-1982 _gДжон _3RU\NLR\auth\7719966 _93035 |
|
| 702 | 1 |
_aЛитвинова _bТ. _4730 |
|
| 702 | 1 |
_4340 _4080 _8rus _7ca _aЧуковский _bК. И. _f1882-1969 _gКорней Иванович _3RU\NLR\AUTH\771522 _9111544 |
|
| 801 | 0 |
_aRU _bNLR _gpsbo |
|
| 801 | 1 |
_aRU _bELAR _2rusmarc |
|
| 852 |
_aNLR _j62-3/3115 |
||
| 942 | _cBOOK | ||
| 980 | _aNB | ||